Estudio de los estilos de aprendizajes y rendimiento académico en un entorno virtual: caso de estudio: Universidad Nacional de Ingeniería seleccionando un estilo de aprendizaje a estudiantes del Técnico Superior en Computación para una Educación semipresencial y a distancia
Mediante este trabajo de investigación y aplicación se pretende conocer cuál de los estilos de aprendizajes es el que predomina en los alumnos del técnico superior en computación y proponer un modelo institucional adecuado para mejorar la comunicación, así como explorar al máximo las herrami...
| Main Author: | |
|---|---|
| Other Authors: | |
| Format: | Tesis Section = Libro |
| Language: | Undetermined Spanish |
| Published: |
Managua
UNI
2015
|
| Subjects: |
| LEADER | 01399nam a2200253Ia 4500 | ||
|---|---|---|---|
| 008 | 240830s9999 xx 000 0 und d | ||
| 040 | |a BIBLIOTECA-RUSB/ Mon 378.17 G643 | ||
| 041 | |a spa | ||
| 082 | |a Mon 378.17 G643 | ||
| 100 | 1 | |a González Manzanares, David Ivan | |
| 245 | 1 | 0 | |a Estudio de los estilos de aprendizajes y rendimiento académico en un entorno virtual: caso de estudio: Universidad Nacional de Ingeniería seleccionando un estilo de aprendizaje a estudiantes del Técnico Superior en Computación para una Educación semipresencial y a distancia |
| 260 | |a Managua |b UNI |c 2015 | ||
| 300 | |a 110 p. :il. | ||
| 500 | |a Contiene: anexos. | ||
| 502 | |a Tesis (Ingeniero en Computación) - UNI, 2015. | ||
| 520 | 3 | |a Mediante este trabajo de investigación y aplicación se pretende conocer cuál de los estilos de aprendizajes es el que predomina en los alumnos del técnico superior en computación y proponer un modelo institucional adecuado para mejorar la comunicación, así como explorar al máximo las herramientas TICs con las que se cuenta a fin de apoyar mejor en los procesos de enseñanza aprendizaje del TSC. | |
| 650 | 7 | |a TECNOLOGIA EDUCATIVA | |
| 650 | 7 | |b ENSEÑANZA SUPERIOR | |
| 650 | 7 | |c EDUCACION A DISTANCIA | |
| 650 | 7 | |d PLATAFORMAS EDUCATIVAS | |
| 700 | 1 | |a Tutor: |b Flores Quintana, Gloria Talia | |
| 942 | |c BK |2 ddc | ||
| 991 | |a TESIS | ||
| 999 | |c 27463 | ||